All foreign players Heracles Almelo - Statistics

General Stats
  • This quiz has been taken 21 times
  • The average score is 16 of 137
Answer Stats
Hint Answer % Correct
Emil Hansson
57%
Samuel Armenteros
57%
Everton
50%
Bryan Limbombe
43%
Mohammed Osman
43%
Anas Ouahim
36%
Mario Engels
36%
Mohamed Amissi
36%
Navajo Bakboord
36%
Noah Fadiga
36%
Alexander Merkel
29%
Brandley Kuwas
29%
Brian De Keersmaecker
29%
Giacomo Quagliata
29%
Gor Agbaljan
29%
Janis Blaswich
29%
Luca De La Torre
29%
Melih İbrahimoğlu
29%
Sven Sonnenberg
29%
Antonio Satriano
21%
Birger Maertens
21%
Dries Wuytens
21%
Elias Oubella
21%
Ismail Azzaoui
21%
Jamiro Monteiro
21%
Jan Wuytens
21%
Jaroslav Navrátil
21%
Kwame Quansah
21%
Marco Rente
21%
Martin Pieckenhagen
21%
Matthew Amoah
21%
Mauro Júnior
21%
Nikolai Laursen
21%
Rob Friend
21%
Robin Gosens
21%
Sava Čestić
21%
Sinan Bakış
21%
Willie Overtoom
21%
Ahmed Kutucu
14%
Aleksei Kangaskolkka
14%
Bilal Başaçıkoğlu
14%
Christian Dorda
14%
Cyriel Dessers
14%
Dalmau
14%
Denni Avdić
14%
Fahd Aktaou
14%
Gonzalo
14%
Jason Davidson
14%
Jeremy Cijntje
14%
Kristoffer Peterson
14%
Lasse Wehmeyer
14%
Lennart Czyborra
14%
Mateo Leš
14%
Maximilian Rossmann
14%
Orestis Kiomourtzoglou
14%
Oussama Tannane
14%
Robin Polley
14%
Stephen Sama
14%
Steve Mokone
14%
Abed Nankishi
7%
Adrian Szöke
7%
Andrew Ornoch
7%
Anmar Al Mubaraki
7%
Bongile Mpampa
7%
Bram Castro
7%
Dario Van De Buijs
7%
Dario Van De Vujičević
7%
Diego Biseswar
7%
Edwin Gyasi
7%
Elias Sierra
7%
Herbert Finken
7%
Héritier Deyonge
7%
Igor Gluščević
7%
Juha Hakola
7%
Kasper Lunding
7%
Kenan Durmuşoğlu
7%
Lucas Schoofs
7%
Lukáš Bajer
7%
Metin Aydın
7%
Mika Nurmela
7%
Milano Koenders
7%
Ragnar Klavan
7%
Rigino Cicilia
7%
Sebastian Jakubiak
7%
Simon Cziommer
7%
Sota Hirayama
7%
Steve Goble
7%
Vernon Allatt
7%
Wolfram Arnthof
7%
Alex Burns
0%
Andrej Rendla
0%
Antti Heinola
0%
Bartek Pacuszka
0%
Björn Daelemans
0%
Daniel Mesenhöler
0%
Denis Calincov
0%
Denis Mangafic
0%
Dennis Milne
0%
Dennis Purperhart
0%
Dragan Paljić
0%
Eddy Bosnar
0%
Elias Pech
0%
Emmanuel Boakye
0%
Ercan Sancar
0%
Gaby Jallo
0%
Ilija Lukic
0%
Jannes Wickhoff
0%
Jed Kerr
0%
Jimmy Calderwood
0%
Jonathan Constancia
0%
Joonas Vanhanen
0%
Kai Michalke
0%
Kåre Becker
0%
Karim Bridji
0%
Marc De Clerck
0%
Mark Uth
0%
Martin Christensen
0%
Matthias Schamp
0%
Paja Dolezar
0%
Paul Davies
0%
Paul Holsgrove
0%
Paul Kerlin
0%
Phil Tinney
0%
Rachid Tibari
0%
Rahim Ouédraogo
0%
Ray Richardson
0%
Roy Dannarag
0%
Sánchez Torres
0%
Scott Calderwood
0%
Srđan Lakić
0%
Stefaan Tanghe
0%
Sunday Manara
0%
Travis Brent
0%
Uriel Trustfull
0%
Vojtěch Schulmeister
0%
Werner Korndörfer
0%
Yasin Bayar
0%
No matching quizzes found
Score Distribution
Percent of People with Each Score
Percentile by Number Answered
Your Score History
You have not taken this quiz